[Event "Novosibirsk-ch U18 op"]
[Site "Novosibirsk"]
[Date "2007.10.01"]
[Round "6"]
[White "Sydykova, Tamara"]
[Black "Permiakova, Elizaveta"]
[Result "1/2-1/2"]
[WhiteElo "1828"]
[BlackElo "1638"]
[PlyCount "126"]
[EventDate "2007.09.25"]
[EventType "swiss"]
[EventRounds "9"]
[EventCountry "RUS"]
[SourceTitle "EXT 2022"]
[Source "ChessBase"]
[SourceDate "2021.10.06"]
[SourceVersion "1"]
[SourceVersionDate "2021.10.06"]
[SourceQuality "1"]

1. d4 d5 2. c4 c6 3. Nc3 Nf6 4. Nf3 dxc4 5. a4 Bf5 6. e3 Nbd7 7. Bxc4 Nb6 8. Bd3 Bg6 9. 0-0 e6 10. e4 Bb4 11. Bg5 h6 12. Bh4 Be7 13. e5 Nfd5 14. Nxd5 Nxd5 15. Bxg6 Bxh4 16. Nxh4 Qxh4 17. Bh5 0-0 18. Qg4 Qxg4 19. Bxg4 Rad8 20. Rfd1 Rd7 21. Rac1 Rfd8 22. a5 Ne7 23. Rc4 Ng6 24. f4 Nxf4 25. Kf2 Ng6 26. Ke1 Rd5 27. b4 b5 28. axb6 axb6 29. Bf3 R5d7 30. Bxc6 Nxe5 31. Bxd7 Nxc4 32. Bb5 Ne3 33. Rd2 Nf5 34. Kf2 Rxd4 35. Rxd4 Nxd4 36. Bd3 g6 37. Ke3 Nc6 38. b5 Ne7 39. Ke4 Kg7 40. Ke5 Nc8 41. Bc4 h5 42. h4 Kf8 43. Kf6 Ke8 44. Bd3 Nd6 45. g3 Kf8 46. Ke5 Ke7 47. Be2 Nf5 48. Kf4 Kf6 49. Bc4 e5+ 50. Ke4 Nxg3+ 51. Kd5 Nf5 52. Kc6 Ke7 53. Kxb6 Nd6 54. Be2 f5 55. Kc6 f4 56. b6 Ke6 57. Bd3 e4 58. Bxe4 Ke5 59. Bxg6 f3 60. Bxh5 f2 61. Be2 Ke6 62. b7 Nxb7 63. Kxb7 Kf5 1/2-1/2